000 00446nam a2200145Ia 4500
003 OSt
005 20260123112637.0
008 211028s2016 xx 000 0 und d
040 _cAIMIT LIBRARY
041 _aeng
100 _aSequeira, Melisha Venisiya; Kairanna, Sneha S.
_g1416082
_97503
245 _aStudy on customer satisfaction of retail financing in Syndicate Udupi /
260 _aMangalore
_bSneha S Kairanna
_c2016
942 _2ddc
_cPRO
999 _c219071
_d219071